| 000 | 00641nmm a2200181Ia 4500 | ||
|---|---|---|---|
| 008 | 251105s9999||||xx |||||||||||||||||und|| | ||
| 020 | _a9788416515356 | ||
| 041 | _aspa | ||
| 100 | _aPeiró Martín, Ignacio | ||
| 245 | 0 |
_aPolíticas del pasado y narrativas de la nación : _b Representaciones de la historia en la España contemporánea |
|
| 264 |
_a[Madrid, España] : _bPrensas Universitarias de Zaragoza, _c2016 |
||
| 300 | _a448 páginas | ||
| 650 | _aHistory of Europe: Spain | ||
| 700 | _aPeiró Martín, Ignacio | ||
| 700 | 1 | _a Frías Corredor, Carmen | |
| 856 | _uhttps://public.digitaliapublishing.com/a/59236 | ||
| 942 | _cCF | ||
| 999 |
_c69867 _d69867 |
||